01156nam a2200205Ia 4500003000400000005001700004008004100021040002100062041000800083082002500091110003900116245014700155260003200302300006800334505043000402650003000832650002600862650002900888700003300917OSt20210608131819.0210310s2015 ck ad gr 000 0 spa d aCO-JMCRcCO-JMCR0 aspa04a330.98 / bB153l2232 aBanco Interamericano de Desarrollo10aEl laberinto como America Latina y el Caribe puede navegar la economia globalcBanco Interamericano de Desarrollo ; coordinador, Andrew Powell a[Colombia] : bBID, c2015. a103 páginas : bilustraciones y gráficas a color ; c24 cm.0 aVisión general.-- Los riesgos para la economía global y las consecuencias para América Latina y el Caribe. -- Los precios de as materias primas. -- Políticas monetarias divergentes en Estados Unidos y Europa. -- La evolución monetaria y financiera. -- Posiciones fiscales y alternativas política. -- Los retos macroeconómicos de las políticas sociales. -- Conclusión y recomendaciones para las políticas. 14aInforme macroeconómico 24aRiesgos económicos 24aRetos macroeconómicos 1 aPowell, Andrew eCoordinador